Welcome to the Holygrace Academy Library

Please use search bar below to get started

NCERT SOLUTIONS CHEMISTRY (Record no. 540)

MARC details
000 -LEADER
fixed length control field 00339nam a22001337a 4500
020 ## - INTERNATIONAL STANDARD BOOK NUMBER
ISBN 978-93-89461-46-6
082 ## - DEWEY DECIMAL CLASSIFICATION NUMBER
Classification number 540
Item number MTGW/C
100 ## - MAIN ENTRY--AUTHOR NAME
Personal name MTG LEARNING
245 ## - TITLE STATEMENT
Title NCERT SOLUTIONS CHEMISTRY
Remainder of title CLASS XI
260 ## - PUBLICATION, DISTRIBUTION, ETC. (IMPRINT)
Place of publication DELHI
Name of publisher MTG LEARNING MEDIA PVT LTD
300 ## - PHYSICAL DESCRIPTION
Number of Pages 150
650 ## - SUBJECT ADDED ENTRY--TOPICAL TERM
Topical Term CHEMISTRY SOLUTIONS FOR CLASS XI
Geographic subdivision INDIA
942 ## - ADDED ENTRY ELEMENTS (KOHA)
Koha item type Books
Holdings
Withdrawn status Lost status Collection code Home library Current library Shelving location Date acquired Source of acquisition Cost, normal purchase price Full call number Accession Number Koha item type
    Reference Main Library Main Library   13/09/2022 purchase 150.00 540 MTGW/C 12641 Books